Tilastot visalle Suomen kunnanvaakunoita #4 - kalat

Klikkaa tästä pelataksesi tätä visaa!

Yleistilastot

  • Tätä visaa on pelattu 103 kertaa
  • Keskiarvotulos 6 / 15

Vastaustilastot

Vastaus% Oikein
Vantaa
75%
Inari
70%
Oulu
67%
Kemi
62%
Siikajoki
57%
Simo
42%
Siikainen
40%
Nakkila
38%
Viitasaari
35%
Kökar
33%
Muhos
25%
Evijärvi
22%
Kuortane
22%
Pyhtää
20%
Ruovesi
17%

Tulosjakauma

Persentiili vastausten määrän mukaan

Jokaisen tuloksen saaneiden osuus

Tuloshistoriasi

Et ole pelannut tätä visaa